Countries with Walmarts - Statistics

General Stats
  • This quiz has been taken 34 times
    30 since last reset
  • The average score is 12 of 24
Answer Stats
Country % Correct
Canada
100%
Mexico
96%
United Kingdom
96%
United States
96%
Brazil
85%
China
78%
Japan
78%
Argentina
74%
India
70%
Chile
63%
Guatemala
56%
South Africa
56%
Costa Rica
48%
El Salvador
48%
Nicaragua
41%
Honduras
37%
Nigeria
22%
Uganda
22%
Ghana
19%
Tanzania
19%
Botswana
15%
Namibia
15%
Mozambique
7%
Zambia
7%
No matching quizzes found
Score Distribution
Percent of People with Each Score
Percentile by Number Answered
Your Score History
You have not taken this quiz since the last reset